LEADER 01140nam a2200265 i 4500 001 000000148184 003 CaOOAMICUS 005 20060224000000.0 008 060224s2003 it u000 u ita u 013 $a125499 020 $a88-7402-091-0 040 $aSeMil$bita 245 13$aLa Chiesa sposa, un volto di comunione /$c[ Elena Bartolini ... et al.] ; a cura di Ilde e Ermanno Beltramo. 260 $aCantalupa (Torino) :$bEffatà,$cCopyr. 2003. 300 $a143 p. ;$c19 cm. 650 4$aChiesa - Comunione.$0(OLS)http://semarc/subject/28939 700 1 $aBartolini, Elena Lea.$0(OLS)http://semarc/name/12991 700 1 $aBeltramo, Ermanno.$0(OLS)http://semarc/name/58685 700 1 $aBeltramo, Ilde.$0(OLS)http://semarc/name/58684 850 $aSeMil 852 $aSeMil$W1$xVenegono$y1$m3F I 334$j100639$B100639$CSeMilBibl$Z2$F109561 $81 961 $aOmaggio: Scanziani don Francesco 996 $6020$a88-7402-091-0$9(OLS)http://semarc/number/137032 996 $6245$aLa Chiesa sposa, un volto di comunione$9(OLS)http://semarc/title/216621 996 $6260$aCantalupa (Torino) :$bEffatà$9(OLS)http://semarc/publisher/30780 LEADER 00868nam a2200217 i 4500 001 000000177237 003 CaOOAMICUS 005 20090123000000.0 008 090123s1976 it u000 u ita u 013 $a154746 040 $aSeMil$bita 100 1 $aBernard, Charles-André,$c.$0(OLS)http://semarc/name/774 245 10$aCompendio di teologia spirituale /$cCh. A. Bernard. 260 $aRoma :$bPontificia Università Gregoriana,$c1976. 300 $a242 p. ;$c25 cm. 650 4$aTeologia spirituale.$0(OLS)http://semarc/subject/719 850 $aSeMil 852 $aSeMil$W1$xVenegono$y1$m2C V 516$j128048$B128048$CSeMilBibl$Z2$F138778 $81 961 $aRecupero: Altro 996 $6245$aCompendio di teologia spirituale$9(OLS)http://semarc/title/252443 996 $6260$aRoma :$bPontificia Università Gregoriana$9(OLS)http://semarc/publisher/29750